000 00911nam a2200217 4500
005 20260212142005.0
008 260212b |||||||| |||| 00| 0 eng d
020 _a9788170164883 (hbk)
037 _cTB
040 _aCRL
_cCRL
041 _2hin
_ahin
084 _aNT44wN 152Q4
_qCRL
100 _aतनेजा, जयदेव
_91115422
245 _aरंग - साक्षात्कार
260 _aनयी दिल्ली, भारत:
_bकिताबघर प्रकाशन,
_c2014.
300 _a387पृ.
365 _b650.00
_cINR
650 _aललित कला
_91115423
942 _2CC
_n0
_cTB
_hNT44wN 152Q4
999 _c1679439
_d1679439